000 00363nam a2200157Ia 4500
008 210210b1954 xxu||||| |||| 00| 0 eng d
041 _aeng
082 _a822/833
100 _aMAUGHAM (W S)
245 _aPartial view
260 _aLondon
_bWilliam Heinemann Ltd.
_c1954
650 _aview
650 _aPartial
690 _aEnglish Prose
906 _a013017
999 _c131851
_d131851